Manuale della perfetta mamma : con qualche contrazione anche per il papà /
I tiakina i:
| Kaituhi matua: | |
|---|---|
| Hōputu: | Pukapuka |
| Reo: | Itāriana |
| I whakaputaina: |
Milano :
Mondadori,
2000
|
| Ngā marau: | |
| Ngā Tūtohu: |
Kāore He Tūtohu, Me noho koe te mea tuatahi ki te tūtohu i tēnei pūkete!
|
MARC
| LEADER | 00000nam a2200000 i 4500 | ||
|---|---|---|---|
| 001 | IT\ICCU\FER\0180592 | ||
| 003 | ItRI | ||
| 005 | 20260115231849.0 | ||
| 008 | 001009s2000 it |||||| ||||| |||||c | ||
| 015 | |2 IT |a 2001-6340 | ||
| 020 | |a 8804466294 | ||
| 040 | |b ita |c importazione bologna sebina | ||
| 041 | 7 | |a ita |2 ISO-639-2 | |
| 082 | |a 853.914 |9 NARRATIVA ITALIANA, 1945-1999 |2 21 | ||
| 100 | 1 | |a Busi, Aldo |0 IT\ICCU\CFIV\025907 |4 aut | |
| 245 | 1 | 0 | |a Manuale della perfetta mamma : |b con qualche contrazione anche per il papà / |c Aldo Busi. |
| 260 | |a Milano : |b Mondadori, |c 2000 | ||
| 300 | |a 222 p. ; |c 20 cm. | ||
| 650 | 7 | |a Madre |2 scbi | |
| 650 | 7 | |a Maternità |x Umorismo | |
| 942 | |2 ddc |c BK |n 0 | ||
| 952 | |0 0 |1 0 |4 0 |6 DOC_853_914000000000000_BUS |7 0 |9 14571 |a BO |b BO |d 2026-01-15 |i 18476 |l 0 |o DOC 853.914 BUS |p BO18476 |r 2026-01-15 23:18:49 |w 2026-01-15 |x [Sebina 5] [1 v.] |y BK |z 1 v. | ||
| 999 | |c 12567 |d 12567 | ||